Statistics for Easiest Maths

Click here to take the quiz!

General Stats

  • This quiz has been taken 252 times
  • The average score is 12 of 12

Answer Stats

HintAnswer% Correct
1+01
100%
2+24
99%
1+910
98%
4-(1+1)2
98%
5+16
98%
12*112
97%
BONUS[12889+67+98-67-100]*0={0}
97%
6-33
97%
10/25
97%
100-937
97%
64/88
95%
10*1+111
91%

Score Distribution

Percentile by Number Answered

Percent of People with Each Score

Your Score History

You have not taken this quiz